LEADER 01517nam a2200349 u 4500 001 000000030838 003 CaOOAMICUS 005 20130911134308.0 008 970923s1997 it u000 u ita u 020 $a8886655185 035 $a10770221 040 $aPUL(R)$bita 100 1 $aDell'Oro, Ferdinando,$cS.D.B.$0(OLS)http://pul/name/24758 245 10$aBeatificazione e canonizzazione :$bExcursus storico-liturgico /$cFerdinando Dell'Oro. 260 $aRoma :$bC. L. V. edizioni liturgiche,$c1997. 300 $a193 p. ;$c24 cm 490 1 $aBibliotheca "Ephemerides liturgicae".$aSubsidia ;$v89 504 $aBibliografia in nota. 650 4$aCanonizzazione.$0(OLS)http://pul/subject/617 650 4$aBeatificazione e canonizzazione.$0(OLS)http://pul/subject/1480 830 0$aBibliotheca "Ephemerides liturgicae".$pSubsidia ;$v89.$0(OLS)http://pul/title/81 850 $aPUL 852 $aPUL$W1$xSL Religione 1$y3$m15 F 58$j42614$nBK-PRI$b $qStampati$B42614$CPULBib$Z2$F42614 $H $81 941 1 $a8 960 $aBeatificazione e canonizzazione$9617 960 $aBeatificazione e canonizzazione$9617 960 $aCanonizzazione$91480 960 $aCanonizzazione$91480 961 $aINV: 76955 corrente 996 $6020$a8886655185$9(OLS)http://pul/number/38694 996 $6245$aBeatificazione e canonizzazione :$bExcursus storico-liturgico$9(OLS)http://pul/title/42376 996 $6260$aRoma :$bC. L. V. edizioni liturgiche$9(OLS)http://pul/publisher/60795 LEADER 01296nam a2200313 a 4500 001 000000142157 003 CaOOAMICUS 005 20150309125903.0 008 150309s2014 it u000 u ita r 020 $a978-88-97964-06-3 040 $aPUL$bita 082 04$a185 100 1 $aGrezzi, Pierpaolo.$0(OLS)http://pul/name/91504 245 10$aAnima e intelletto in Alessandro D'Afrodisia :$besegeta di Aristotele /$cPierpaolo Grezzi. 260 $aRoma :$bQulture,$cİ2014. 300 $a134 p. ;$c20 cm 490 1 $aEidos 504 $aBibliografia p. 128-134. 600 04$aAlexander Aphrodisiensis,$csec. III$xConcezione dell'anima.$0(OLS)http://pul/subject/41357 650 4$aAristotelismo$ySec. III.$0(OLS)http://pul/subject/41358 830 0$aEidos.$0(OLS)http://pul/title/179942 850 $aPUL 852 $aPUL$W1$xSL Filosofia 3$y81$m185 GREPI 1$j164082$qDDC 21$B164167$CPULBib$Z2$F164167 $H125529 $82 941 1 $a9 996 $6020$a978-88-97964-06-3$9(OLS)http://pul/number/157155 996 $6082$a185$9(OLS)http://pul/classification/314 996 $6245$aAnima e intelletto in Alessandro D'Afrodisia :$besegeta di Aristotele$9(OLS)http://pul/title/179941 996 $6260$aRoma :$bQulture$9(OLS)http://pul/publisher/83207